Fets d'armes de catalans / il·lustracions de Francesc Domingo
Descripción Física:
123 p. : il., [1] f. ; 17 cm
Materias:
Catalunya -- Història
MARC
| LEADER | 00000nam a2200000Ia 4500 | ||
|---|---|---|---|
| 001 | 636 | ||
| 008 | 160829s1938 (Barcelona : Imp. Altés) xx 000 0 cat d | ||
| 080 | |a H-1-234 | ||
| 245 | |a Fets d'armes de catalans / il·lustracions de Francesc Domingo | ||
| 260 | |a Barcelona : |b Generalitat de Catalunya, Serveis de Cultura al Front, |c 1938 (Barcelona : Imp. Altés) | ||
| 300 | |a 123 p. : |b il., [1] f. ; |c 17 cm | ||
| 650 | |a Catalunya |x Història |9 24030 | ||
| 700 | 1 | |a Domingo, Francesc |9 26921 | |
| 700 | |a Catalunya. Serveis de Cultura al Front |9 26922 | ||
| 901 | |a Arxiu | ||
| 942 | |n 1 | ||
| 952 | |0 0 |1 0 |4 0 |6 H1234 |7 1 |9 44362 |a Arxiu |b Arxiu |d 2016-12-01 |l 0 |o H-1-234 |p 636 |r 2016-12-01 00:00:00 |w 2016-12-01 |y ARXIU | ||
| 999 | |c 46943 |d 46943 | ||